| 000 | 01438nam a2200373 a 4500 | ||
|---|---|---|---|
| 001 | ebr10090472 | ||
| 003 | CaPaEBR | ||
| 006 | m u | ||
| 007 | cr cn||||||||| | ||
| 008 | 021212s2003 ne ab sb 001 0 eng | ||
| 020 | _z9004125671 | ||
| 040 |
_aCaPaEBR _cCaPaEBR |
||
| 035 | _a(OCoLC)166335032 | ||
| 050 | 1 | 4 |
_aCC72.4 _b.T46 2003eb |
| 082 | 0 | 4 |
_a930.1 _221 |
| 245 | 0 | 0 |
_aTheory and practice in late antique archaeology _h[electronic resource] / _cedited by Luke Lavan and William Bowden. |
| 260 |
_aLeiden ; _aBoston : _bBrill, _c2003. |
||
| 300 |
_axvi, 428 p. : _bill., maps. |
||
| 490 | 1 |
_aLate antique archaeology, _x1570-6893 ; _vv. 1 |
|
| 504 | _aIncludes bibliographical references and index. | ||
| 533 |
_aElectronic reproduction. _bPalo Alto, Calif. : _cebrary, _d2013. _nAvailable via World Wide Web. _nAccess may be limited to ebrary affiliated libraries. |
||
| 650 | 0 | _aSocial archaeology. | |
| 650 | 0 | _aCivilization, Medieval. | |
| 650 | 0 |
_aArchaeology _xPhilosophy. |
|
| 650 | 0 |
_aArchaeology _xMethodology. |
|
| 650 | 0 |
_aArchaeology _xFieldwork. |
|
| 650 | 0 | _aExcavations (Archaeology) | |
| 655 | 7 |
_aElectronic books. _2local |
|
| 700 | 1 | _aLavan, Luke. | |
| 700 | 1 | _aBowden, William. | |
| 710 | 2 | _aebrary, Inc. | |
| 830 | 0 |
_aLate antique archaeology ; _vv. 1. |
|
| 856 | 4 | 0 |
_uhttp://site.ebrary.com/lib/rucke/Doc?id=10090472 _zAn electronic book accessible through the World Wide Web; click to view |
| 999 |
_c52150 _d52150 |
||